000 00477nam a2200145Ia 4500
008 230917s9999||||xx |||||||||||||| ||und||
040 _e168339
_aMAIN
041 _aEnglish
082 _a891.4317109 MB896:SS
100 _aशर्मा, शशि
245 0 _aमुक्तिबोध का साहित्यः एक अनुशीलन
260 _aदिल्ली
_bइन्द्रप्रस्थ
_c1977
300 _a390 पृ. p.
942 _cHN
999 _c178247
_d178247